000 00892nam a2200229 a 4500
003 AM-YeHGA
040 _aAM-YeHGA
090 _c141194
001 000365715
005 20250618072246.0
008 041001s1984 ||||||||||||||||||| rus d
041 1 _arus
_harm
080 _a891.99-93 (NLA)
100 1 _aԱնանյան, Վախթանգ Ստեփանի,
_d1905-1980
_994
245 1 0 _aОленёнок :
_bРассказ; Пер. с арм. /
_cВ.С. Ананян; Пер. К. Мкртчян; Худож. Р. Манукян.
260 _aМосква :
_bСоветакан грох,
_c1984.
300 _a20 с. :
_bил. ;
_c26 см.
650 1 4 _aАрмянская детская литература
_xРассказ
700 1 _aՄկրտչյան, Կարեն Լևոնի,
_d1960-2003
_eпер.
_4trl
_91854
700 1 _aМанукян, Рубен
_eхудож.
_4art
942 _2udc
_cBK
999 _c139816
_d139816